[Event "Radulescu Memorial 14th"]
[Site "Ramnicul Valcea"]
[Date "2014.01.30"]
[Round "1"]
[White "Costachi, Mihnea"]
[Black "Chirimbu, Alexandru Claudiu"]
[Result "1-0"]
[WhiteElo "2204"]
[BlackElo "1825"]
[PlyCount "61"]
[EventDate "2014.01.30"]
[EventType "swiss"]
[EventRounds "7"]
[EventCountry "ROU"]
[SourceTitle "EXT 2015"]
[Source "ChessBase"]
[SourceDate "2014.11.20"]
[SourceVersion "1"]
[SourceVersionDate "2014.11.20"]
[SourceQuality "1"]

1. d4 d5 2. c4 e6 3. Nc3 Nf6 4. cxd5 exd5 5. Bg5 Be7 6. Qc2 0-0 7. e3 c6 8. Bd3 Nbd7 9. Nf3 Re8 10. h3 Nf8 11. Bf4 Ng6 12. Bh2 Bd6 13. Bxd6 Qxd6 14. 0-0-0 Be6 15. g4 a6 16. g5 Ne4 17. Bxe4 dxe4 18. Nd2 Bd5 19. h4 Qe6 20. h5 Nf8 21. Rh4 b5 22. f3 Qe7 23. Ncxe4 Ne6 24. Rg1 Kh8 25. Nc5 Nxg5 26. Rhg4 Nxf3 27. Rxg7 Be4 28. Ndxe4 Nxg1 29. h6 Rg8 30. Ng5 Rxg7 31. hxg7+ 1-0

[Event "Cap Aurora op"]
[Site "Cap Aurora"]
[Date "2013.06.22"]
[Round "1"]
[White "Carmaciu, Lucian Catalin"]
[Black "Chirimbu, Alexandru Claudiu"]
[Result "1-0"]
[WhiteElo "2416"]
[BlackElo "1830"]
[PlyCount "97"]
[EventDate "2013.06.22"]
[EventType "swiss"]
[EventRounds "9"]
[EventCountry "ROU"]
[SourceTitle "CBM 155 Extra"]
[Source "ChessBase"]
[SourceDate "2013.08.26"]
[SourceVersion "1"]
[SourceVersionDate "2013.08.26"]
[SourceQuality "1"]

1. e4 c5 2. Nf3 d6 3. Bb5+ Bd7 4. Bxd7+ Qxd7 5. c4 Nc6 6. Nc3 e6 7. d4 cxd4 8. Nxd4 Nf6 9. Bg5 Be7 10. 0-0 a6 11. Re1 0-0 12. a4 Rac8 13. b3 Rfd8 14. Rc1 Nxd4 15. Qxd4 Qc6 16. h3 Qc5 17. Qd2 Rc7 18. Be3 Qc6 19. a5 Rcd7 20. f3 Rb8 21. Na4 Bd8 22. Nb6 Bxb6 23. Bxb6 Ne8 24. Red1 Nc7 25. Bd4 Re8 26. Qg5 e5 27. Ba7 Ne6 28. Qe3 Nc7 29. Rc3 Re6 30. Qb6 Qxb6+ 31. axb6 Ne8 32. c5 Kf8 33. Bb8 Ke7 34. Rcd3 Rd8 35. Bc7 Nxc7 36. bxc7 Rc8 37. cxd6+ Kd7 38. Kf2 a5 39. Rd5 Ra8 40. Ke3 f6 41. R1d3 a4 42. bxa4 Rxa4 43. g3 Rc4 44. Kd2 b5 45. Rc3 Re8 46. Rxb5 Rd4+ 47. Rd3 Rxd3+ 48. Kxd3 Re6 49. Rb6 1-0